| 000 | 01138nam a2200217 4500 | ||
|---|---|---|---|
| 005 | 20210511201622.0 | ||
| 008 | 210511s1982 mx |||fr|||| 001 0 spa d | ||
| 020 | _a9682303567 | ||
| 040 |
_aCENDOC CAAAP _bspa _cCAAAP |
||
| 041 | _aspa | ||
| 050 |
_aGN 4482 _b.M38 |
||
| 100 | 1 |
_92792 _aMeillassoux, Claude |
|
| 245 | 1 |
_aMujeres, graneros y capitales : _beconomía doméstica y capitalismo / _cClaude Meillassoux |
|
| 250 | _a5ta ed. | ||
| 260 |
_aMéxico D.F.: _bSiglo Veintiuno, _c1982 |
||
| 300 | _a235 p. | ||
| 505 | _aContiene : Introducción -- La comunidad doméstica -- La dialéctica de la igualdad -- ¿Quiénes son los explotados? -- Contradicciones y contactos: las premisas dela desigualdad -- La explotación de la comunidad doméstica: el imperialismo como modo de producción de mano de obra barata -- Las paradojas de la explotación colonial -- Salarios directos, salarios indirectos -- La acumulación originaria -- Sin techo: el éxodo rural -- El eterno retorno al país natal : las migraciones temporarias -- Conclusiones. | ||
| 650 | 1 | 0 |
_9719 _aMujeres |
| 650 | 2 | 0 |
_91031 _aTrabajo |
| 942 |
_2lcc _b11 - 05 - 21 _cBK |
||
| 999 |
_c1267 _d1267 |
||